La Mediació ciutadana : una nova política pública : bases d'implantació / [autors: Ricard Zapata-Barrero, Javier Wilhelm i Rafael Llinàs] una nova política pública :
ISBN:
978-84-9803-344-1
Descripción Física:
128 p. ; 29 cm
MARC
| LEADER | 00000nam a2200000Ia 4500 | ||
|---|---|---|---|
| 001 | 22651 | ||
| 008 | 160829s2010 xx 000 0 cat d | ||
| 020 | |a 978-84-9803-344-1 | ||
| 080 | |a M-6-352 | ||
| 100 | |a Zapata Barrero, Ricard |9 39547 | ||
| 245 | |a La Mediació ciutadana : |b una nova política pública : |b bases d'implantació / [autors: |b Ricard Zapata-Barrero, Javier Wilhelm i Rafael Llinàs] | ||
| 260 | |a Barcelona : |b Diputació de Barcelona. Àrea d'Igualtat i Ciutadania, |c 2010 | ||
| 300 | |a 128 p. ; |c 29 cm | ||
| 490 | |a Documents de treball. Igualtat i ciutadania ; 12 | ||
| 590 | |a Bibliografia | ||
| 650 | 0 | |a Mediació |x Catalunya |9 44944 | |
| 650 | |a Gestió de conflictes |x Catalunya |9 44945 | ||
| 700 | |a Wilhelm, Javier |9 44946 | ||
| 700 | |a Llinàs, Rafael |9 44947 | ||
| 710 | |a Barcelona (Catalunya : Província). |b Àrea d'Igualtat i Ciutadania |9 7840 | ||
| 901 | |a Arxiu | ||
| 942 | |n 1 | ||
| 952 | |0 0 |1 0 |4 0 |6 M6352 |7 1 |9 52265 |a Arxiu |b Arxiu |d 2016-12-01 |l 0 |o M-6-352 |p 22651 |r 2016-12-01 00:00:00 |w 2016-12-01 |y ARXIU | ||
| 999 | |c 56113 |d 56113 | ||